| 000 | 01350nam a2200301 i 4500 | ||
|---|---|---|---|
| 001 | bg | ||
| 245 | 0 | 0 |
_aMetody i systemy komputerowe w automatyce i elektrotechnice = _bNumerical methods and computer systems in automatic control and electrical engineering : monografia : monograph. |
| 260 |
_aCzęstochowa : _bWydawnictwa Politechniki Częstochowskiej, _c2005. |
||
| 300 |
_a247, [1] s. : _bfot., rys., wykr. ; _c30 cm. |
||
| 500 | _aW monografii zamieszczono wybrane materiały przedstawione na Środkowoeuropejskiej VI Konferencji Naukowo-Technicznej, Częstochowa-Poraj, 16-17 września 2005 r. - Tyt. równol. również w jęz. ros. Prace w jęz. pol., ang., ros. Streszcz. ang., pol. przy pracach. | ||
| 504 | _aBibliogr. przy art. Indeks. | ||
| 650 | 9 | _aAutomatyka | |
| 650 | 9 |
_aElektroenergetyka _xkomputeryzacja |
|
| 650 | 9 |
_aElektronika _xkomputeryzacja |
|
| 650 | 9 |
_aElektrotechnika _xkomputeryzacja |
|
| 650 | 9 |
_aSymulacja _xstosowanie _xtechnika |
|
| 650 | 9 |
_aSystemy informatyczne _xstosowanie _xtechnika |
|
| 655 | _aMateriały konferencyjne | ||
| 700 | 1 |
_aROLICZ, Paweł. _eRed. |
|
| 015 | _aPB 18012/2005 | ||
| 020 | _a837193288X | ||
| 040 | _cBPK | ||
| 041 | 0 |
_apolengrus _bengpol |
|
| 080 | _a621.3:681.5:004.032:004.94](061) | ||
| 920 | _a83-7193-288-X | ||
| 942 | _cKS | ||
| 008 | s pl f |000 0 pol | ||
| 999 |
_c51764 _d51764 |
||
| 856 |
_uhttp://koha.tu.koszalin.pl/cgi-bin/koha/opac-detail.pl?biblionumber=51764 _yKatalog online BPK |
||